NBA Top 10 Individual Chokes All-Time - Statistics

General Stats
  • This quiz has been taken 231 times
  • The average score is 6 of 11
Answer Stats
Player Quick explenation % Correct
LeBron James Finals 2011 Heat was favorite against the Mavs but the Mavs win the title 4-2 with only 17.8 Pts/G from LeBron, a Game 4 at 8 pts
96%
Stephen Curry Finals 2016, Game 7. Curry Unanimous MVP, 50-40-90 season, 6/19 FG and 4/14 3P, losing pass in the back and Warriors blow a 3-1 lead
89%
Kobe Bryant 2008 Finals, last 3 games, Kobe, MVP, is at 21/62 from the field, bad shots, and Lakers lose the Finals 4-2 vs Celtics
83%
James Harden 2017 Semi-Finals, Game 6 Rockets-Spurs, no Kawhi Leonard and Spurs qualified with a 39 point win and a 10 point game for Harden with only 11 shots taken
57%
Dennis Johnson 1978 Finals, Game 7, Sonics lose with Dennis Johnson 4 points with 0/14 from the field.
53%
Isiah Thomas Conf. Finals 1987, Game 5, Pistons lead by 1 with 5 seconds left, Isiah Thomas makes a breakdown in his field's sideline but makes an horrible pass and Bird steal the ball give it to Dennis Johnson who scores for Celtic's win
40%
Tim Hardaway 1999 1st Rnd Heat (1st) vs Knicks (8th), Hardaway with 9 Pts/G, 29% FG and Knicks wins the series
40%
John Starks Finals 1994 Knicks vs Rockets, game 7, Starks with 8 points, 2/18 FG and 0/11 3P and Knicks lose the game
27%
Nick Anderson Finals 1995 Magic - Rockets, Game 1, Magic lead by 3, 10 seconds to go, 2 FT for Anderson missed, Magic rebound, and 2 new FT for Anderson and once against,, he missed them. Kenny Smith with the 3P to equalize, Houston wins the Overtime and wins the series 4-0
27%
Tracy McGrady 2003 1st Round Magic (8th) - Pistons (1st). 3-1 for the Magic,T-Mac sayong 'Feels good to be in semi-finals", then choke and Magic blew a 3-1 lead with game 7 at 7/24 from FG
22%
Shawn Kemp 1994 1st Rnd, Nuggets (8th seed) Upset the Sonics (1st seed) and Kemp with 14.8 Pts/G and 37% FG (Mutombo took the control of him)
19%
No matching quizzes found
Score Distribution
Percent of People with Each Score
Percentile by Number Answered
Your Score History
You have not taken this quiz